Strategie samofinancování. 1 Rozhodování o rozdělení zisku

V minulom roku sa na valných hromadách akciových spoločností prvý raz rozhodovalo o rozdelení zisku. V mnohých prípadoch sa akcionári priklonili k návrhu predstavenstiev a zvolili stratégiu samofinancovania. Niektoré základné prvky a ekonomické súvislosti tejto stratégie.

Salvato in:
Dettagli Bibliografici
Autore principale: Klusoň, Václav
Natura: Capitolo di libro
Lingua:ceco
Soggetti:
Tags: Aggiungi Tag
Nessun Tag, puoi essere il primo ad aggiungerne!!

MARC

LEADER 00000naa a2200000 4500
001 r015287
005 20221213082554.2
041 0 |a cze 
044 |a CZ 
245 1 0 |a Strategie samofinancování. 1  |b Rozhodování o rozdělení zisku  |c Václav Klusoň 
520 |a V minulom roku sa na valných hromadách akciových spoločností prvý raz rozhodovalo o rozdelení zisku. V mnohých prípadoch sa akcionári priklonili k návrhu predstavenstiev a zvolili stratégiu samofinancovania. Niektoré základné prvky a ekonomické súvislosti tejto stratégie. 
610 2 0 |a samofinancovanie 
610 2 0 |a akcionári 
610 2 0 |a dividendy 
100 1 |a Klusoň, Václav